00402nam a2200121Ia 4500008004100000041000800041082001600049100002100065245009000086260003900176300002000215520004500235240719s9999 xx 000 0 und d aeng a338.040 SEN aSengupta, Hindol aRecasting India How Entrepreneurship Is Revolutionizing The Worlds Largest Democracy  aNew YorkbPalgrave Macmillanc2014 a249.; P. 24. Cm aGifted By : IMT Faculty Dr.senthil kumar